Ballon D'Or Top 30 Depuis 2015 - Statistiques

Statistiques générales
  • Ce quiz a été pris 710 fois
    690 depuis la dernière actualisation
  • Le résultat moyen est 236 sur 300
Statistiques - réponses
Pays Clubs Joueurs % Correct
1 France PSG Ousmane Dembélé
99%
2 Espagne Barca Lamine Yamal
98%
8 Espagne Barca Lamine Yamal
98%
7 France Réal Madrid Kylian Mbappé
97%
6 France PSG/ Réal Madrid Kylian Mbappé
97%
3 France PSG Kylian Mbappé
97%
6 France PSG Kylian Mbappé
97%
9 France PSG Kylian Mbappé
97%
6 France PSG Kylian Mbappé
97%
4 France PSG Kylian Mbappé
97%
7 France AS Monaco/ PSG Kylian Mbappé
97%
4 Egypte Liverpool Mohamed Salah
97%
11 Egypte Liverpool Mohamed Salah
97%
5 Egypte Liverpool Mohamed Salah
97%
7 Egypte Liverpool Mohamed Salah
97%
5 Egypte Liverpool Mohamed Salah
97%
6 Egypte Liverpool Mohamed Salah
97%
20 Portugal Manchester United Cristiano Ronaldo
96%
6 Portugal Juventus/ Manchester United Cristiano Ronaldo
96%
3 Portugal Juventus Cristiano Ronaldo
96%
2 Portugal Real Madrid Cristiano Ronaldo
96%
1 Portugal Real Madrid Cristiano Ronaldo
96%
1 Portugal Real Madrid Cristiano Ronaldo
96%
2 Portugal Real Madrid Cristiano Ronaldo
96%
1 Argentine PSG/ Inter Miami Lionel Messi
96%
1 Argentine Barca/ PSG Lionel Messi
96%
1 Argentine Barca Lionel Messi
96%
5 Argentine Barca Lionel Messi
96%
2 Argentine Barca Lionel Messi
96%
2 Argentine Barca Lionel Messi
96%
1 Argentine Barca Lionel Messi
96%
6 Maroc PSG Achraf Hakimi
95%
16 Brésil Réal Madrid Vinicius Junior
95%
2 Brésil Réal Madrid Vinicius Junior
95%
6 Brésil Real Madrid Vinicius Junior
95%
8 Brésil Real Madrid Vinicius Junior
95%
3 Portugal PSG Vitinha
95%
27 Portugal PSG Vitinha
95%
26 Norvège Man City Erling Haaland
94%
5 Norvège Man City Erling Haaland
94%
2 Norvège Man City Erling Haaland
94%
10 Norvège Borussia Dortmund/ Man City Erling Haaland
94%
11 Norvège Borussia Dortmund Erling Haaland
94%
9 Italie PSG/ Man City Gianluigi Donnarumma
94%
10 Italie Milan AC/ PSG Gianluigi Donnarumma
94%
17 Pologne Barca Robert Lewandowski
94%
12 Pologne Barca Robert Lewandowski
94%
4 Pologne Bayern Munich/ Barca Robert Lewandowski
94%
2 Pologne Bayern Munich Robert Lewandowski
94%
8 Pologne Bayern Munich Robert Lewandowski
94%
9 Pologne Bayern Munich Robert Lewandowski
94%
16 Pologne Bayern Munich Robert Lewandowski
94%
4 Pologne Bayern Munich Robert Lewandowski
94%
22 Corée du Sud Tottenham Son Heug-Min
94%
11 Corée du Sud Tottenham Son Heung-Min
94%
13 Angleterre Bayern Munich Harry Kane
93%
10 Angleterre Bayern Munich Harry Kane
93%
19 Angleterre Tottenham/ Bayern Munich Harry Kane
93%
21 Angleterre Tottenham Harry Kane
93%
23 Angleterre Tottenham Harry Kane
93%
10 Angleterre Tottenham Harry Kane
93%
10 Angleterre Tottenham Harry Kane
93%
16 Brésil PSG Neymar
93%
12 Brésil PSG Neymar
93%
3 Brésil Barca/ PSG Neymar
93%
5 Brésil Barca Neymar
93%
3 Brésil Barca Neymar
93%
10 Portugal PSG Nuno Mendes
93%
1 Espagne Man City Rodri
93%
5 Espagne Man City Rodri
93%
20 Argentine Inter Milan Lautaro Martinez
92%
7 Argentine Inter Milan Lautaro Martinez
92%
20 Argentine Inter Milan Lautaro Martinez
92%
22 Argentine Inter Milan Lautaro Martinez
92%
8 Angleterre Chelsea Cole Palmer
91%
25 Angleterre Chelsea Cole Palmer
91%
16 France Real Madrid/ Al Ittihad Karim Benzema
91%
1 France Real Madrid Karim Benzema
91%
4 France Real Madrid Karim Benzema
91%
26 France Real Madrid Karim Benzema
91%
18 France Real Madrid Karim Benzema
91%
25 France Real Madrid Karim Benzema
91%
20 France Real Madrid Karim Benzema
91%
10 Croatie Real Madrid Luka Modric
91%
9 Croatie Real Madrid Luka Modric
91%
30 Croatie Real Madrid Luka Modric
91%
1 Croatie Real Madrid Luka Modric
91%
5 Croatie Real Madrid Luka Modric
91%
18 Croatie Real Madrid Luka Modric
91%
11 Espagne Barca Pedri
91%
24 Espagne Barca Pedri
91%
5 Brésil Barca Raphinha
91%
21 France Atlético Madrid Antoine Griezmann
90%
18 France Atlético Madrid/ Barca Antoine Griezmann
90%
3 France Atlético Madrid Antoine Griezmann
90%
18 France Atlético Madrid Antoine Griezmann
90%
3 France Atlético Madrid Antoine Griezmann
90%
18 Argentine Aston Villa Emiliano Martinez
90%
15 Argentine Aston Villa Emiliano Martinez
90%
23 Angleterre Réal Madrid Jude Bellingham
90%
3 Angleterre Réal Madrid Jude Bellingham
90%
18 Angleterre Borussia Dortmund/ Real Madrid Jude Bellingham
90%
4 Belgique Man City Kevin De Bruyne
90%
3 Belgique Man City Kevin De Bruyne
90%
8 Belgique Man City Kevin De Bruyne
90%
14 Belgique Man City Kevin De Bruyne
90%
9 Belgique Man City Kevin De Bruyne
90%
14 Belgique Man City Kevin De Bruyne
90%
21 Belgique Man City Kevin De Bruyne
90%
18 Belgique Wolfsburg/ Man City Kevin De Bruyne
90%
28 Pays-Bas Liverpool Virgil Van Dijk
89%
16 Pays-Bas Liverpool Virgil Van Dijk
89%
2 Pays-Bas Liverpool Virgil Van Dijk
89%
14 France PSG Désiré Doué
88%
19 Portugal PSG Joao Neves
88%
9 Allemagne Réal Madrid Toni Kroos
88%
17 Allemagne Real Madrid Toni Kroos
88%
17 Allemagne Real Madrid Toni Kroos
88%
21 Allemagne Real Madrid Toni Kroos
88%
30 France Bayern Munich Micheal Olise
87%
2 Sénégal Liverpool/ Bayern Munich Sadio Mané
87%
4 Sénégal Liverpool Sadio Mané
87%
23 Sénégal Liverpool Sadio Mané
87%
23 Sénégal Liverpool Sadio Mané
87%
21 Guinée Borussia Dortmund Serhou Guirassy
87%
7 Belgique Real Madrid Thibaut Courtois
87%
14 Belgique Chelsea/ Real Madrid Thibaut Courtois
87%
15 Suède Sporting/ Arsenal Viktor Gyökeres
87%
24 Espagne PSG Fabian Ruiz
86%
17 Uruguay Atlético Madrid Luis Suarez
86%
13 Uruguay Barca Luis Suarez
86%
13 Uruguay Barca Luis Suarez
86%
4 Uruguay Barca Luis Suarez
86%
5 Uruguay Barca Luis Suarez
86%
12 Algérie Man City Riyad Mahrez
86%
20 Algérie Man City Riyad Mahrez
86%
10 Algérie Man City Riyad Mahrez
86%
7 Algérie Leicester City Riyad Mahrez
86%
29 Allemagne Leverkusen/ Liverpool Florian Wirtz
85%
12 Allemagne Leverkusen Florian Wirtz
85%
18 Écosse Napoli Scott McTominay
85%
4 Espagne Réal Madrid Dani Carvajal
84%
17 Pays De Galle Real Madrid Gareth Bale
84%
6 Pays de Galle Real Madrid Gareth Bale
84%
16 Pays de Galle Real Madrid Gareth Bale
84%
5 France Chelsea N'Golo Kanté
84%
11 France Chelsea N'Golo Kanté
84%
8 France Chelsea N'Golo Kanté
84%
9 Portugal Man City Bernardo Silva
83%
24 Portugal Man City Bernardo Silva
83%
9 Portugal Man City Bernardo Silva
83%
13 Belgique Chelsea/ Real Madrid Eden Hazard
83%
8 Belgique Chelsea Eden Hazard
83%
19 Belgique Chelsea Eden Hazard
83%
8 Belgique Chelsea Eden Hazard
83%
15 France Manchester United Paul Pogba
83%
14 France Juventus/ Manchester United Paul Pogba
83%
15 France Manchester United Paul Pogba
83%
17 Uruguay Réal Madrid Federico Valverde
82%
13 Suède PSG/ Manchester United Zlatan Ibrahimovic
82%
11 Suède PSG Zlatan Ibrahimovic
82%
29 Allemagne Bayern Munich Manuel Neuer
81%
7 Allemagne Bayern Munich Manuel Neuer
81%
14 Nigéria Atalanta Ademola Lookman
80%
22 Allemagne Réal Madrid Antonio Rüdiger
80%
30 Allemagne Chelsea/ Real Madrid Antonio Rudiger
80%
21 Angleterre Arsenal Bukayo Saka
80%
24 Angleterre Arsenal Bukayo Saka
80%
27 Angleterre Arsenal Declan Rice
80%
26 Angleterre Arsenal Declan Rice
80%
25 Pays-Bas Inter Milan Denzel Dumfries
80%
12 Géorgie Napoli/ PSG Khvicha Kvaratskhelia
80%
17 Géorgie Napoli Khvicha Kvaratskhelia
80%
19 Norvège Arsenal Martin Odegaard
80%
29 Norvège Arsenal Martin Odegaard
80%
11 Angleterre Man City Phil Foden
78%
23 Angleterre Man City Phil Foden
78%
25 Angleterre Man City Phil Foden
78%
17 Brésil Real Madrid/ Manchester United Casemiro
77%
22 France PSG Edinson Cavani
77%
11 Uruguay PSG Edinson Cavani
77%
15 Espagne Athletic Bilbao Nico Williams
77%
20 Gabon Arsenal Pierre Emerick Aubameyang
77%
21 Gabon Borussia Dortmund Pierre-Emerick Aubameyang
77%
11 Gabon Borussia Dortmund Pierre-Emerick Aubameyang
77%
23 Portugal Man City Ruben Dias
77%
30 Portugal Man City Ruben Dias
77%
27 Portugal Man City Ruben Dias
77%
16 Argentine Man City Sergio Aguero
77%
16 Argentine Man City Sergio Aguero
77%
20 Argentine Man City Sergio Aguero
77%
13 Argentine Manchester City Sergio Aguero
77%
8 Nigéria Napoli Victor Osimhen
77%
24 France Arsenal William Saliba
77%
3 Italie Chelsea Jorginho
76%
7 France Real Madrid Raphael Varane
76%
21 Espagne Real Madrid Sergio Ramos
76%
6 Espagne Real Madrid Sergio Ramos
76%
30 Espagne Real Madrid Sergio Ramos
76%
28 Allemagne Bayern Munich Thomas Muller
76%
6 Allemagne Bayern Munich Thomas Muller
76%
25 Espagne Barca Andres Iniesta
75%
9 Espagne Barca Andres Iniesta
75%
23 France Tottenham Hugo Lloris
75%
30 France Tottenham Hugo Lloris
75%
27 France Tottenham Hugo Lloris
75%
20 Croatie Barca Ivan Rakitic
75%
23 Croatie Barca Ivan Rakitic
75%
28 France Eintracht Frankfort/ PSG Randal Kolo Muani
75%
13 Espagne Leipzig/ Barca Dani Olmo
74%
12 Belgique Inter Milan/ Chelsea Romelu Lukaku
74%
16 Suisse Leverkusen Granit Xhaka
73%
14 Allemagne Man City/ Barca Ilkay Gundogan
73%
19 Colombie Porto/ Liverpool Luis Diaz
73%
7 Brésil Liverpool Alisson
72%
25 Brésil Liverpool Alisson
72%
17 Brésil Liverpool Roberto Firmino
72%
19 Brésil Liverpool Roberto Firmino
72%
11 Pays-Bas Ajax Amsterdam/ Barca Frenkie De Jong
71%
19 Colombie Real Madrid James Rodriguez
71%
8 Angleterre Leicester City Jamie Vardy
71%
21 Portugal Manchester United Bruno Fernandes
70%
25 Allemagne Bayern Munich Joshua Kimmich
70%
15 Portugal Milan AC Rafael Leao
70%
28 Espagne Leverkusen Alex Grimaldo
69%
22 Argentine Liverpool Alexis Mac Alister
69%
15 Chili Bayern Munich Arturo Vidal
69%
17 Chili Juventus/ Real Madrid Arturo Vidal
69%
4 Italie Juventus Gianluigi Buffon
69%
9 Italie Juventus Gianluigi Buffon
69%
22 Corée du Sud Napoli/ Bayern Munich Kim Min-Jae
69%
29 Brésil PSG Marquinhos
69%
10 Chili Arsenal Alexis Sanchez
68%
28 Uruguay Benfica/ Liverpool Darwin Nunez
68%
25 Croatie Leipzig/ Man City Josko Gvardiol
68%
7 Argentine Man City Julian Alvarez
68%
14 Italie Juventus Leonardo Bonucci
68%
22 Italie Juventus/ Milan AC Leonardo Bonucci
68%
26 France Milan AC Mike Maignan
68%
13 Maroc Seville/ Al Hilal Yassine Bounou
68%
23 Cameroun Intet Milan/ Manchester United André Onana
67%
27 Slovénie Atlético Madrid Jan Oblak
67%
26 Slovénie Atlético Madrid Jan Oblak
67%
12 Côte d'Ivoire Manchester City Yaya Touré
67%
27 France Leipzig Christopher Nkunku
66%
20 Turquie Inter MIlan Hakan Çalhanoglu
66%
18 Serbie Fiorentina/ Juventus Dusan Vlahovic
65%
24 Brésil Real Madrid Marcelo
65%
16 Brésil Real Madrid Marcelo
65%
27 Italie Inter Milan Nicolo Barella
65%
26 Italie Inter Milan Nicolo Barella
65%
22 Pays-Bas Bayern Munich Arjen Robben
64%
13 Italie Juventus Giorgio Chiellini
64%
25 Allemagne Barca Marc-André Ter Stegen
64%
19 France West Ham Dimitri Payet
63%
15 Pays-Bas Ajax Amsterdam/ Juventus Matthijs De Ligt
63%
28 Portugal Benfica/ Atletico Madrid Joao Felix
61%
10 Portugal Real Madrid Pepe
61%
13 Côte d'Ivoire Ajax Amsterdam/ Borussia Dortmund Sébastien Haller
61%
15 Argentine Juventus Paulo Dybala
60%
22 Argentine Juventus Paulo Dybala
60%
24 Colombie AS Monaco Radamel Falcao
60%
22 Angleterre Liverpool Trent Alexander-Arnold
60%
19 Angleterre Liverpool Trent Alexander-Arnold
60%
28 Uruguay Atletico Madrid Diego Godin
59%
23 Uruguay Atlético Madrid Diego Godin
59%
14 Brésil Liverpool Fabinho
58%
29 Allemagne Borussia Dortmund Mats Hummels
58%
27 Allemagne Bayern Munich Mats Hummels
58%
30 Ukraine Girona/ As Rome Artem Dovbyk
57%
28 Bosnie AS Rome Edin Dzeko
56%
15 Angleterre Man City Raheem Sterling
56%
12 Angleterre Man City Raheem Sterling
56%
21 Serbie Ajax Amsterdam Dusan Tadic
55%
26 Croatie Juventus Mario Mandzukic
55%
29 Portugal Man City Joao Cancelo
54%
24 Sénégal Napoli Kalidou Koulibaly
54%
30 Belgique Napoli Dries Mertens
51%
26 Allemagne Bayern Munich Jamal Musiala
51%
14 Argentine Barca Javier Mascherano
50%
29 Brésil Liverpool Philippe Coutinho
50%
24 Argentine Juventus Gonzalo Higuain
49%
26 Espagne Atlético Madrid Koke
48%
18 Danemark Milan AC Simon Kjaer
46%
29 Espagne Real Madrid Isco
45%
12 Espagne Real Madrid Isco
45%
27 Pays-Bas Liverpool Georginio Wijnaldum
43%
29 Espagne Chelsea Cesar Azpilicueta
42%
20 Espagne Manchester United David de Gea
42%
28 Espagne Villarreal Gerard Moreno
37%
19 Angleterre Chelsea Mason Mount
37%
30 Pays-Bas Ajax Amsterdam Donny Van de Beek
35%
25 Argentine Real Madrid/ Manchester United Angel Di Maria
27%
26 Espagne Atlético Madrid/ Chelsea Diego Costa
23%
12 Portugal Sporting Rui Patricio
21%
29 France Bayern Munich Frank Ribery
19%
27 Allemagne Bayern Munich Bastian Schweinsteiger
11%
30 Italie Juventus Andrea Pirlo
10%
24 Allemagne Bayern Munich Philipp Lahm
9%
28 Allemagne Bayern Munich Mario Gotze
6%
Aucun quiz correspondant
Distribution des résultats
% des personnes avec chaque résultat
Percentile par nombre de réponses
Votre historique - résultats
Vous n’avez pas pris ce quiz depuis la dernière actualisation